| 000 | 00973nam a22002417a 4500 | ||
|---|---|---|---|
| 005 | 20240530110523.0 | ||
| 008 | 160223s2010 ua g 000 0dara d | ||
| 017 |
_a2010/16014 _bمصر . دار الكتب المصرية |
||
| 020 | _a9789777042253 | ||
| 040 | _aEG-CaGPL | ||
| 082 | 0 | 4 |
_221 _a944.041\ _bد ن |
| 100 | 1 | _aدو توكفيل ، اليكس | |
| 245 | 1 | 2 |
_aالنظام القديم و الثورة الفرنسية / _cتاليف اليكس دو توكفيل ؛ ترجمة و تقديم خليل كلفت |
| 250 | _aط1 | ||
| 260 |
_aالقاهرة : _bالمركز القومى للترجمة ، _c2010 . |
||
| 300 |
_a529 ص ؛ _c24 سم . |
||
| 490 |
_aالمشروع القومى للترجمة ؛ _v1657 |
||
| 650 | 0 | 4 | _aالتمرد و العصيان |
| 651 | 0 | 4 |
_aفرنسا _xتاريخ _xثورة ( 1789 - 1804 ) |
| 700 | 0 |
_aخليل كلفت _eمترجم و مقدم |
|
| 942 |
_2ddc _cBK |
||
| 999 |
_c61937 _d61937 |
||